000 01135nam a2200277Ia 4500
003 OSt
005 20221005105237.0
006 a|||||r|||| 00| 0
007 ta
008 221004b |||||||| |||| 00| 0 hin d
020 _a978 81 250 5971 4 (hbk)
_c1895
024 _a23861
037 _b707, 13/11/2015, Selectbook Service Syndicate
_cTextual
040 _aCRL
_cCRL
_bhin
041 _2hin
_ahin
082 _aP.2t4, 152Q5.16,1
100 _aदेवी, गणेश एन., संपा.
_9623878
245 0 _aमध्य प्रदेश की भाषाएं
246 _aMadhya pradesh kī bhāṣhāean
260 _aनई दिल्ली
_bओरियंट ब्लैकस्वॉन भारत
_c2015
300 _a416पृ0
_ccm.
490 _vखंड 16,भाग 1
_aभारतीय भाषा लोक सर्वेषण
650 _aहिन्दी भाषा
942 _hP.2t4, 152Q5.16,1
_cTEXL
_2cc
999 _c1015258
_d1015258